000 00692nam a22002057a 4500
003 OSt
005 20230126114934.0
008 220916b |||||||| |||| 00| 0 eng d
020 _a978 0 9389 8930 1
040 _cBiblioteca Lado V
082 _a708
_bS856s
100 _9641
_aStiles, Kristine
_eeditora
245 _aStates of Mind/
_bDan & Lia Perjovschi/
260 _aCarolina del Norte
_bNasher Museum of Art Duke University
_c2007
300 _a224p.
_c22x26cm
650 _2Tesauro de Arte & Arquitectura
_aCATALOGO
650 _2Tesauro de Arte & Arquitectura
_aEXHIBICION
650 _2Tesauro de Arte & Arquitectura
_aARTE
942 _2ddc
_c1
_h708
_iS856s
_n0
999 _c2914
_d2914